[Event "2020 Australian Chess Championship"]
[Site "Sydney, Australia"]
[Date "2020.01.05"]
[Round "4.1"]
[White "Ikeda, Junta"]
[Black "Kuybokarov, Temur"]
[Result "0-1"]
[WhiteElo "2438"]
[BlackElo "2523"]

1. Nf3 {[%clk 01:30:56]} {[%emt 00:00:02]} d5 {[%clk 01:30:49]} {[%emt
00:00:11]} 2. e3 {[%clk 01:31:19]} {[%emt 00:00:08]} c5 {[%clk 01:31:04]}
{[%emt 00:00:14]} 3. c4 {[%clk 01:31:26]} {[%emt 00:00:25]} d4 {[%clk
01:31:12]} {[%emt 00:00:21]} 4. exd4 {[%clk 01:31:41]} {[%emt 00:00:15]} cxd4
{[%clk 01:31:33]} {[%emt 00:00:09]} 5. g3 {[%emt 00:00:23]} Nc6 {[%clk
01:31:16]} {[%emt 00:00:40]} 6. Bg2 {[%clk 01:32:17]} {[%emt 00:00:08]} Nf6
{[%clk 01:30:48]} {[%emt 00:00:58]} 7. O-O {[%clk 01:32:25]} {[%emt 00:00:25]}
e5 {[%clk 01:30:44]} {[%emt 00:00:30]} 8. Re1 {[%clk 01:32:29]} {[%emt
00:00:28]} Nd7 {[%clk 01:25:22]} {[%emt 00:05:50]} 9. d3 {[%clk 01:31:22]}
{[%emt 00:01:38]} Be7 {[%clk 01:24:21]} {[%emt 00:01:30]} 10. Na3 {[%clk
01:31:14]} {[%emt 00:00:39]} O-O {[%clk 01:24:19]} {[%emt 00:00:31]} 11. Nc2
{[%clk 01:31:10]} {[%emt 00:00:34]} Re8 {[%clk 01:17:17]} {[%emt 00:07:32]} 12.
Rb1 {[%clk 01:16:00]} {[%emt 00:15:41]} a5 {[%clk 01:10:08]} {[%emt 00:07:39]}
13. a3 {[%clk 01:13:50]} {[%emt 00:02:40]} a4 {[%clk 01:06:00]} {[%emt
00:04:37]} 14. Bd2 {[%clk 01:12:22]} {[%emt 00:01:58]} Bf6 {[%clk 00:59:12]}
{[%emt 00:07:18]} 15. Bb4 {[%clk 01:07:42]} {[%emt 00:05:11]} Ndb8 {[%clk
00:48:04]} {[%emt 00:11:38]} 16. Nd2 {[%clk 01:04:33]} {[%emt 00:03:38]} Na6
{[%clk 00:47:27]} {[%emt 00:01:04]} 17. Ne4 {[%clk 00:50:07]} {[%emt 00:15:00]}
Be7 {[%clk 00:47:15]} {[%emt 00:00:41]} 18. Bxe7 {[%clk 00:46:00]} {[%emt
00:04:38]} Rxe7 {[%clk 00:46:07]} {[%emt 00:01:37]} 19. Qd2 {[%clk 00:34:28]}
{[%emt 00:12:03]} Bf5 {[%clk 00:40:26]} {[%emt 00:06:09]} 20. f4 {[%clk
00:20:49]} h6 {[%clk 00:39:40]} {[%emt 00:15:26]} 21. fxe5 {[%clk 00:19:26]}
{[%emt 00:01:53]} Nxe5 {[%clk 00:38:34]} {[%emt 00:01:35]} 22. Qf4 {[%clk
00:11:25]} {[%emt 00:08:31]} Bg6 {[%clk 00:37:15]} {[%emt 00:01:49]} 23. Red1
{[%clk 00:07:38]} {[%emt 00:04:19]} Qb6 {[%clk 00:35:07]} {[%emt 00:02:37]} 24.
Kh1 {[%clk 00:04:52]} {[%emt 00:03:16]} Rae8 {[%clk 00:32:52]} {[%emt
00:02:45]} 25. Nf2 {[%clk 00:03:35]} {[%emt 00:01:47]} Nxc4 {[%clk 00:29:00]}
{[%emt 00:04:22]} 26. Qxd4 {[%clk 00:03:24]} {[%emt 00:00:41]} Qxd4 {[%clk
00:26:50]} {[%emt 00:02:39]} 27. Nxd4 {[%clk 00:03:50]} {[%emt 00:00:04]} Nc5
{[%clk 00:26:34]} {[%emt 00:00:46]} 28. Bf1 {[%clk 00:01:16]} {[%emt 00:03:04]}
Rd7 {[%clk 00:21:32]} {[%emt 00:05:32]} 29. Nf3 {[%clk 00:00:44]} {[%emt
00:01:03]} Ne3 {[%clk 00:19:44]} {[%emt 00:02:14]} 30. Re1 {[%clk 00:00:33]}
{[%emt 00:00:44]} Nxd3 {[%clk 00:18:14]} {[%emt 00:02:01]} 31. Nxd3 {[%clk
00:00:34]} {[%emt 00:00:30]} Bxd3 {[%clk 00:18:32]} {[%emt 00:00:11]} 32. Rbd1
{[%clk 00:00:41]} {[%emt 00:00:23]} Bf5 {[%clk 00:17:22]} {[%emt 00:01:41]} 33.
Rc1 {[%clk 00:00:44]} {[%emt 00:00:27]} Bg4 {[%clk 00:13:36]} {[%emt 00:04:15]}
34. Nh4 {[%clk 00:00:53]} {[%emt 00:00:21]} Re6 {[%clk 00:13:33]} {[%emt
00:00:33]} 35. Bb5 {[%clk 00:00:33]} {[%emt 00:00:51]} Rd2 {[%clk 00:13:52]}
{[%emt 00:00:11]} 36. Rc3 {[%clk 00:00:39]} {[%emt 00:00:24]} Nd5 {[%clk
00:13:17]} {[%emt 00:01:04]} 37. Rcc1 {[%clk 00:00:31]} {[%emt 00:00:39]} g5
{[%clk 00:11:45]} {[%emt 00:02:01]} 38. Rxe6 {[%clk 00:00:46]} {[%emt
00:00:15]} fxe6 {[%clk 00:12:08]} {[%emt 00:00:06]} 39. Ng6 {[%clk 00:01:00]}
{[%emt 00:00:16]} Bf3+ {[%clk 00:12:20]} {[%emt 00:00:18]} 40. Kg1 {[%clk
00:01:26]} {[%emt 00:00:04]} Rg2+ {[%clk 00:12:15]} {[%emt 00:00:35]} 41. Kf1
{[%clk 00:01:52]} {[%emt 00:00:04]} Ne3+ {[%clk 00:12:07]} {[%emt 00:00:39]} 42.
Ke1 {[%clk 00:02:08]} {[%emt 00:00:15]} Nc2+ {[%clk 00:12:17]} {[%emt
00:00:19]} 0-1

[Event "2020 Australian Chess Championship"]
[Site "Sydney, Australia"]
[Date "2020.01.05"]
[Round "4.2"]
[White "Puccini, Jack"]
[Black "Clarke, Brandon G I"]
[Result "0-1"]
[WhiteElo "2265"]
[BlackElo "2438"]

1. e4 {[%clk 01:30:58]} {[%emt 00:00:02]} c5 {[%clk 01:30:09]} {[%emt
00:00:47]} 2. Nf3 {[%clk 01:31:10]} {[%emt 00:00:23]} Nc6 {[%clk 01:29:41]}
{[%emt 00:00:58]} 3. d4 {[%clk 01:31:08]} {[%emt 00:00:32]} cxd4 {[%clk
01:30:07]} {[%emt 00:00:04]} 4. Nxd4 {[%clk 01:30:58]} {[%emt 00:00:41]} Qb6
{[%clk 01:29:50]} {[%emt 00:00:50]} 5. Nb3 {[%clk 01:30:55]} {[%emt 00:00:30]}
Nf6 {[%clk 01:30:16]} {[%emt 00:00:03]} 6. Nc3 {[%clk 01:30:40]} {[%emt
00:00:45]} e6 {[%clk 01:30:43]} {[%emt 00:00:03]} 7. a3 {[%clk 01:27:05]}
{[%emt 00:04:05]} a6 {[%clk 01:28:30]} {[%emt 00:02:43]} 8. Be2 {[%clk
01:25:03]} {[%emt 00:02:32]} Qc7 {[%clk 01:27:22]} {[%emt 00:01:37]} 9. O-O
{[%clk 01:22:39]} {[%emt 00:02:54]} b5 {[%clk 01:22:32]} {[%emt 00:05:21]} 10.
f4 {[%clk 01:21:12]} {[%emt 00:01:57]} d6 {[%clk 01:16:06]} {[%emt 00:06:55]}
11. Be3 {[%clk 01:19:26]} {[%emt 00:02:17]} Be7 {[%clk 01:15:41]} {[%emt
00:00:56]} 12. Bf3 {[%clk 01:15:22]} {[%emt 00:04:34]} Bb7 {[%clk 01:16:09]}
{[%emt 00:00:02]} 13. g4 {[%clk 01:11:01]} {[%emt 00:04:51]} O-O {[%clk
01:13:23]} {[%emt 00:03:16]} 14. g5 {[%clk 01:07:19]} Nd7 {[%clk 01:13:47]}
{[%emt 00:04:18]} 15. Bg2 {[%clk 01:06:09]} Nb6 {[%clk 01:13:26]} {[%emt
00:02:32]} 16. Nd2 {[%clk 00:47:50]} Na5 {[%clk 01:09:38]} {[%emt 00:23:07]} 17.
Qh5 {[%clk 00:39:33]} Nac4 {[%clk 00:59:49]} {[%emt 00:19:06]} 18. Nxc4 {[%clk
00:38:02]} Nxc4 {[%clk 01:00:12]} {[%emt 00:02:07]} 19. Rae1 {[%clk 00:37:33]}
Nxb2 {[%clk 00:40:22]} {[%emt 00:21:19]} 20. Bd4 {[%clk 00:35:13]} e5 {[%clk
00:36:28]} {[%emt 00:07:15]} 21. Nd5 {[%clk 00:33:07]} Bxd5 {[%clk 00:36:23]}
{[%emt 00:03:11]} 22. Bxb2 {[%clk 00:33:03]} Bb7 {[%clk 00:27:59]} {[%emt
00:09:25]} 23. Rf3 {[%clk 00:28:18]} g6 {[%clk 00:21:52]} {[%emt 00:11:55]} 24.
Qh6 {[%clk 00:21:11]} f5 {[%emt 00:11:42]} 25. Rh3 {[%clk 00:13:51]} {[%emt
00:03:47]} Rf7 {[%clk 00:22:43]} {[%emt 00:00:07]} 26. exf5 {[%clk 00:12:49]}
Qc5+ {[%clk 00:12:06]} {[%emt 00:12:38]} 27. Ree3 {[%clk 00:11:41]} Bxg2 {[%clk
00:11:36]} {[%emt 00:02:38]} 28. fxg6 {[%clk 00:10:07]} {[%emt 00:02:04]} Rg7
{[%clk 00:11:32]} {[%emt 00:00:35]} 29. gxh7+ {[%clk 00:07:07]} {[%emt
00:03:29]} Kh8 {[%clk 00:12:01]} {[%emt 00:00:01]} 30. Rhg3 {[%clk 00:06:29]}
{[%emt 00:01:08]} Qxc2 {[%clk 00:09:31]} {[%emt 00:03:00]} 31. Bc3 {[%clk
00:06:52]} {[%emt 00:00:07]} Rf8 {[%clk 00:07:04]} {[%emt 00:02:57]} 32. g6
{[%clk 00:02:18]} {[%emt 00:05:04]} Be4 {[%clk 00:07:25]} {[%emt 00:00:08]} 0-1

[Event "2020 Australian Chess Championship"]
[Site "Sydney, Australia"]
[Date "2020.01.05"]
[Round "4.3"]
[White "McClymont, Brodie"]
[Black "Zhang, Jilin"]
[Result "1-0"]
[WhiteElo "2421"]
[BlackElo "2237"]

1. e4 {[%clk 01:28:58]} {[%emt 00:02:01]} c5 {[%clk 01:30:43]} {[%emt
00:00:18]} 2. Nf3 {[%clk 01:29:18]} {[%emt 00:00:09]} e6 {[%clk 01:31:03]}
{[%emt 00:00:11]} 3. d4 {[%clk 01:29:43]} {[%emt 00:00:05]} cxd4 {[%clk
01:31:27]} {[%emt 00:00:06]} 4. Nxd4 {[%clk 01:30:10]} {[%emt 00:00:03]} a6
{[%clk 01:31:47]} {[%emt 00:00:21]} 5. c4 {[%clk 01:30:18]} {[%emt 00:00:11]}
Nf6 {[%clk 01:31:30]} {[%emt 00:00:47]} 6. Nc3 {[%clk 01:30:42]} {[%emt
00:00:05]} d6 {[%clk 01:31:54]} {[%emt 00:00:07]} 7. Be2 {[%clk 01:29:32]}
{[%emt 00:01:39]} Qc7 {[%clk 01:31:47]} {[%emt 00:00:37]} 8. Be3 {[%clk
01:29:54]} {[%emt 00:00:07]} b6 {[%clk 01:32:05]} {[%emt 00:00:13]} 9. Rc1
{[%clk 01:30:20]} {[%emt 00:00:04]} Bb7 {[%clk 01:32:23]} {[%emt 00:00:12]} 10.
f3 {[%clk 01:30:46]} {[%emt 00:00:04]} Be7 {[%clk 01:31:34]} {[%emt 00:01:19]}
11. Qd2 {[%clk 01:30:30]} {[%emt 00:00:46]} Nbd7 {[%clk 01:31:42]} {[%emt
00:00:22]} 12. O-O {[%clk 01:29:43]} {[%emt 00:01:16]} O-O {[%clk 01:32:05]}
{[%emt 00:00:08]} 13. Rfd1 {[%clk 01:28:57]} {[%emt 00:01:15]} Rac8 {[%clk
01:31:50]} {[%emt 00:00:45]} 14. a3 {[%clk 01:28:55]} {[%emt 00:00:32]} Rfe8
{[%clk 01:27:39]} {[%emt 00:04:41]} 15. b4 {[%clk 01:27:17]} {[%emt 00:02:08]}
Qb8 {[%clk 01:27:10]} {[%emt 00:00:59]} 16. Kh1 {[%clk 01:27:07]} {[%emt
00:00:40]} h6 {[%clk 01:22:32]} {[%emt 00:05:09]} 17. Nb3 {[%clk 00:59:04]}
{[%emt 00:28:32]} Bd8 {[%clk 01:03:20]} {[%emt 00:19:42]} 18. Bf1 {[%clk
00:33:15]} {[%emt 00:26:19]} Bc7 {[%clk 00:59:56]} {[%emt 00:03:55]} 19. Bf4
{[%clk 00:33:40]} {[%emt 00:00:05]} Ne5 {[%clk 00:36:13]} {[%emt 00:24:13]} 20.
Bxe5 {[%clk 00:34:02]} {[%emt 00:00:08]} dxe5 {[%clk 00:36:39]} {[%emt
00:00:05]} 21. c5 {[%clk 00:34:29]} {[%emt 00:00:03]} b5 {[%clk 00:31:47]}
{[%emt 00:05:22]} 22. Qe1 {[%clk 00:26:02]} {[%emt 00:08:57]} Nh5 {[%clk
00:27:50]} {[%emt 00:04:27]} 23. Rc2 {[%clk 00:13:52]} {[%emt 00:12:40]} f5
{[%clk 00:27:15]} {[%emt 00:01:06]} 24. Qh4 {[%clk 00:12:53]} {[%emt 00:01:28]}
Nf6 {[%clk 00:27:02]} {[%emt 00:00:43]} 25. Bd3 {[%clk 00:12:28]} {[%emt
00:00:55]} Rcd8 {[%clk 00:24:26]} {[%emt 00:03:06]} 26. Rcd2 {[%clk 00:12:50]}
{[%emt 00:00:08]} Qa8 {[%clk 00:22:16]} {[%emt 00:02:40]} 27. Kg1 {[%clk
00:10:49]} {[%emt 00:02:31]} Kh8 {[%clk 00:18:07]} {[%emt 00:04:40]} 28. exf5
{[%clk 00:08:34]} {[%emt 00:02:45]} exf5 29. Bxf5 {[%clk 00:09:00]} Bxf3 {[%clk
00:12:59]} {[%emt 00:03:02]} 30. gxf3 {[%clk 00:09:26]} {[%emt 00:00:03]} Qxf3
{[%clk 00:13:23]} {[%emt 00:00:06]} 31. Qh3 {[%clk 00:09:53]} {[%emt 00:00:03]}
Qf4 {[%clk 00:11:51]} {[%emt 00:02:04]} 32. Rf1 {[%clk 00:09:27]} {[%emt
00:00:55]} Qc4 {[%clk 00:09:45]} {[%emt 00:02:36]} 33. Bd3 {[%clk 00:07:49]}
{[%emt 00:02:07]} Qf7 {[%clk 00:00:45]} {[%emt 00:09:30]} 34. Ne4 {[%clk
00:05:21]} {[%emt 00:02:58]} Qg6+ {[%clk 00:00:56]} {[%emt 00:00:21]} 35. Qg3
{[%clk 00:05:47]} {[%emt 00:00:03]} Qxg3+ {[%clk 00:00:40]} {[%emt 00:00:47]}
36. Nxg3 {[%clk 00:05:55]} {[%emt 00:00:22]} e4 {[%clk 00:00:55]} {[%emt
00:00:15]} 37. Be2 {[%clk 00:06:21]} {[%emt 00:00:03]} Nd5 {[%clk 00:00:31]}
{[%emt 00:00:55]} 38. Bh5 {[%clk 00:06:17]} {[%emt 00:00:34]} e3 {[%clk
00:00:37]} {[%emt 00:00:25]} 39. Rxd5 {[%clk 00:06:41]} {[%emt 00:00:05]} 1-0

[Event "2020 Australian Chess Championship"]
[Site "Sydney, Australia"]
[Date "2020.01.05"]
[Round "4.4"]
[White "Nakauchi, Gene"]
[Black "Bjelobrk, Igor"]
[Result "1/2-1/2"]
[WhiteElo "2150"]
[BlackElo "2403"]

1. e4 {[%clk 01:30:56]} {[%emt 00:00:02]} e5 {[%clk 01:30:52]} {[%emt
00:00:09]} 2. Nf3 {[%clk 01:31:12]} {[%emt 00:00:14]} Nc6 {[%clk 01:31:16]}
{[%emt 00:00:06]} 3. Bb5 {[%clk 01:31:36]} {[%emt 00:00:07]} a6 {[%clk
01:31:34]} {[%emt 00:00:11]} 4. Bxc6 {[%clk 01:31:59]} {[%emt 00:00:06]} dxc6
{[%clk 01:31:55]} {[%emt 00:00:09]} 5. O-O {[%clk 01:32:19]} {[%emt 00:00:10]}
Bd6 {[%clk 01:32:09]} {[%emt 00:00:16]} 6. d3 {[%clk 01:27:19]} {[%emt
00:05:30]} Ne7 {[%clk 01:31:35]} {[%emt 00:01:05]} 7. Be3 {[%clk 01:22:38]}
{[%emt 00:05:11]} c5 {[%clk 01:27:36]} {[%emt 00:04:30]} 8. Nbd2 {[%clk
01:21:08]} {[%emt 00:01:59]} Nc6 {[%clk 01:27:28]} {[%emt 00:00:39]} 9. c3
{[%clk 01:09:11]} {[%emt 00:12:26]} O-O {[%clk 01:26:26]} {[%emt 00:01:31]} 10.
Re1 {[%clk 01:08:02]} {[%emt 00:01:39]} Kh8 {[%clk 01:11:54]} {[%emt 00:15:02]}
11. Nf1 {[%clk 00:54:07]} {[%emt 00:14:24]} f5 {[%clk 01:07:25]} {[%emt
00:05:00]} 12. Bg5 {[%clk 00:49:09]} {[%emt 00:05:27]} Qe8 {[%clk 01:06:58]}
{[%emt 00:00:57]} 13. exf5 {[%clk 00:48:22]} {[%emt 00:01:17]} Bxf5 {[%clk
01:05:32]} {[%emt 00:01:56]} 14. Nh4 {[%clk 00:48:27]} {[%emt 00:00:24]} Be6
{[%clk 01:03:49]} {[%emt 00:02:14]} 15. Qd2 {[%clk 00:42:03]} {[%emt 00:06:53]}
Bg8 {[%clk 00:52:26]} {[%emt 00:11:53]} 16. Ng3 {[%clk 00:38:01]} {[%emt
00:04:32]} h6 {[%clk 00:43:11]} {[%emt 00:09:46]} 17. Bxh6 {[%clk 00:37:51]}
{[%emt 00:00:39]} gxh6 {[%clk 00:43:34]} {[%emt 00:00:07]} 18. Qxh6+ {[%clk
00:38:17]} {[%emt 00:00:04]} Bh7 {[%clk 00:43:57]} {[%emt 00:00:07]} 19. f4
{[%clk 00:38:10]} {[%emt 00:00:37]} Rxf4 {[%clk 00:37:18]} {[%emt 00:07:09]} 20.
Nh5 {[%clk 00:37:46]} {[%emt 00:00:53]} Bf8 {[%clk 00:27:43]} {[%emt 00:10:06]}
21. Qg5 {[%clk 00:37:41]} {[%emt 00:00:34]} Rf7 {[%clk 00:26:27]} {[%emt
00:01:47]} 22. Nf6 {[%clk 00:32:05]} {[%emt 00:06:05]} Rxf6 {[%clk 00:26:30]}
{[%emt 00:00:28]} 23. Qxf6+ {[%clk 00:32:28]} {[%emt 00:00:06]} Bg7 {[%clk
00:26:50]} {[%emt 00:00:10]} 24. Qg5 {[%clk 00:32:30]} {[%emt 00:00:27]} Rd8
{[%clk 00:25:46]} {[%emt 00:01:36]} 25. Rad1 {[%clk 00:27:41]} {[%emt
00:05:18]} Rxd3 {[%clk 00:21:58]} {[%emt 00:04:19]} 26. Rxd3 {[%clk 00:26:17]}
{[%emt 00:01:53]} Bxd3 {[%clk 00:22:25]} {[%emt 00:00:04]} 27. Nf5 {[%clk
00:20:29]} {[%emt 00:06:16]} Bxf5 {[%clk 00:17:27]} {[%emt 00:05:29]} 28. Qxf5
{[%clk 00:20:53]} {[%emt 00:00:07]} Ne7 {[%clk 00:07:39]} {[%emt 00:10:17]} 29.
Qe6 {[%clk 00:15:30]} {[%emt 00:05:54]} Qd8 {[%clk 00:06:12]} {[%emt 00:01:57]}
30. Rf1 {[%clk 00:12:28]} {[%emt 00:03:30]} Ng8 {[%clk 00:06:05]} {[%emt
00:00:37]} 31. Qh3+ {[%clk 00:10:57]} {[%emt 00:02:02]} Nh6 {[%clk 00:06:23]}
{[%emt 00:00:13]} 32. Qf3 {[%clk 00:10:42]} {[%emt 00:00:44]} c6 {[%clk
00:06:22]} {[%emt 00:00:31]} 33. Rd1 {[%clk 00:10:46]} {[%emt 00:00:26]} Qh4
{[%clk 00:05:03]} {[%emt 00:01:50]} 34. Qd3 {[%clk 00:06:55]} {[%emt 00:04:21]}
Ng4 {[%clk 00:02:58]} {[%emt 00:02:33]} 35. Qd8+ {[%clk 00:05:53]} {[%emt
00:01:33]} Qxd8 {[%clk 00:03:24]} {[%emt 00:00:05]} 36. Rxd8+ {[%clk 00:06:21]}
{[%emt 00:00:02]} Kh7 {[%clk 00:03:51]} {[%emt 00:00:03]} 37. Rd7 {[%clk
00:06:35]} {[%emt 00:00:15]} b5 {[%clk 00:04:02]} {[%emt 00:00:20]} 38. Rc7
{[%clk 00:06:08]} {[%emt 00:00:56]} e4 {[%clk 00:01:34]} {[%emt 00:02:59]} 39.
Rxc6 {[%clk 00:06:08]} {[%emt 00:00:30]} Ne5 {[%clk 00:00:59]} {[%emt
00:01:05]} 40. Rxc5 {[%clk 00:01:18]} {[%emt 00:05:20]} Nd3 {[%clk 00:01:04]}
{[%emt 00:00:26]} 41. Rc6 {[%clk 00:01:40]} {[%emt 00:00:08]} Nxb2 {[%clk
00:00:35]} {[%emt 00:00:59]} 42. h4 {[%clk 00:00:57]} {[%emt 00:01:12]} Nd1
{[%clk 00:28:40]} {[%emt 00:02:25]} 43. Rxa6 {[%clk 00:22:55]} {[%emt
00:08:33]} Nxc3 {[%clk 00:27:03]} {[%emt 00:02:07]} 44. a3 {[%clk 00:20:38]}
{[%emt 00:02:47]} e3 {[%clk 00:22:53]} {[%emt 00:04:40]} 45. Kf1 {[%clk
00:20:21]} {[%emt 00:00:46]} e2+ {[%clk 00:12:59]} {[%emt 00:10:25]} 46. Ke1
{[%clk 00:19:14]} {[%emt 00:01:36]} Be5 {[%clk 00:10:06]} {[%emt 00:03:23]} 47.
Re6 {[%clk 00:19:38]} {[%emt 00:00:06]} Bf4 {[%clk 00:09:16]} {[%emt 00:01:19]}
48. h5 {[%clk 00:10:28]} {[%emt 00:09:40]} Bc1 {[%clk 00:08:13]} {[%emt
00:01:33]} 49. Rc6 {[%clk 00:09:42]} {[%emt 00:01:15]} Bxa3 {[%clk 00:08:24]}
{[%emt 00:00:20]} 50. Rxc3 {[%clk 00:10:05]} {[%emt 00:00:06]} Bb4 {[%clk
00:08:45]} {[%emt 00:00:09]} 51. Kxe2 {[%clk 00:10:30]} {[%emt 00:00:04]} Bxc3
{[%clk 00:09:10]} {[%emt 00:00:05]} 52. Kd3 {[%clk 00:10:54]} {[%emt 00:00:06]}
Bg7 {[%clk 00:03:02]} {[%emt 00:06:39]} 53. Kc2 {[%clk 00:11:13]} {[%emt
00:00:11]} 1/2-1/2

[Event "2020 Australian Chess Championship"]
[Site "Sydney, Australia"]
[Date "2020.01.05"]
[Round "4.6"]
[White "Hu, Jason"]
[Black "Kargosha, Bahman"]
[Result "1-0"]
[WhiteElo "2159"]
[BlackElo "2101"]

1. d4 {[%clk 01:30:56]} {[%emt 00:00:04]} Nf6 {[%clk 01:30:50]} {[%emt
00:00:10]} 2. Nf3 {[%clk 01:31:21]} {[%emt 00:00:05]} e6 {[%clk 01:28:06]}
{[%emt 00:03:15]} 3. g3 {[%clk 01:31:23]} {[%emt 00:00:40]} d5 {[%clk
01:26:35]} {[%emt 00:01:49]} 4. Bg2 {[%clk 01:31:45]} {[%emt 00:00:07]} Bd6
{[%clk 01:23:52]} {[%emt 00:03:13]} 5. O-O {[%clk 01:32:02]} {[%emt 00:00:13]}
O-O {[%clk 01:24:20]} {[%emt 00:00:04]} 6. c4 {[%clk 01:32:24]} {[%emt
00:00:07]} Nc6 {[%clk 01:22:04]} {[%emt 00:02:46]} 7. Nc3 {[%clk 01:30:22]}
{[%emt 00:02:31]} dxc4 {[%clk 01:17:59]} {[%emt 00:04:35]} 8. Qa4 {[%clk
01:27:28]} {[%emt 00:03:23]} e5 {[%clk 01:17:18]} {[%emt 00:01:12]} 9. dxe5
{[%clk 01:18:31]} {[%emt 00:09:27]} Nxe5 {[%clk 01:17:29]} {[%emt 00:00:19]} 10.
Nxe5 {[%clk 01:16:39]} {[%emt 00:02:22]} Bxe5 {[%clk 01:17:49]} {[%emt
00:00:11]} 11. Rd1 {[%clk 01:15:16]} {[%emt 00:01:53]} Qe7 {[%clk 01:16:45]}
{[%emt 00:01:34]} 12. Qxc4 {[%clk 01:12:10]} {[%emt 00:03:35]} c6 {[%clk
01:14:14]} {[%emt 00:03:02]} 13. Be3 {[%clk 01:07:19]} {[%emt 00:05:19]} Be6
{[%clk 01:13:08]} {[%emt 00:01:37]} 14. Qc5 {[%clk 00:59:48]} {[%emt 00:08:01]}
Qxc5 {[%clk 01:11:52]} {[%emt 00:01:46]} 15. Bxc5 {[%clk 01:00:07]} {[%emt
00:00:11]} Rfe8 {[%clk 01:04:44]} {[%emt 00:07:38]} 16. Bd4 {[%clk 00:57:15]}
{[%emt 00:03:22]} Bxd4 {[%clk 00:52:40]} {[%emt 00:12:34]} 17. Rxd4 {[%clk
00:57:22]} {[%emt 00:00:22]} Rad8 {[%clk 00:52:59]} {[%emt 00:00:12]} 18. Rad1
{[%clk 00:57:26]} {[%emt 00:00:26]} Rxd4 {[%clk 00:52:53]} {[%emt 00:00:37]} 19.
Rxd4 {[%clk 00:57:50]} {[%emt 00:00:05]} Kf8 {[%clk 00:44:48]} {[%emt
00:08:34]} 20. e4 {[%clk 00:55:41]} {[%emt 00:02:39]} Nd7 {[%clk 00:39:33]}
{[%emt 00:05:46]} 21. f4 {[%clk 00:55:37]} {[%emt 00:00:33]} f6 {[%clk
00:39:38]} 1-0

[Event "2020 Australian Chess Championship"]
[Site "Sydney, Australia"]
[Date "2020.01.05"]
[Round "4.7"]
[White "Kethro, Michael"]
[Black "Parle, Hughston"]
[Result "1-0"]
[WhiteElo "2093"]
[BlackElo "2057"]

1. d4 {[%clk 01:29:11]} {[%emt 00:01:39]} Nf6 {[%clk 01:30:06]} {[%emt
00:01:04]} 2. c4 {[%clk 01:29:09]} {[%emt 00:00:38]} g6 {[%clk 01:29:22]}
{[%emt 00:01:08]} 3. Nc3 {[%clk 01:29:28]} {[%emt 00:00:11]} Bg7 {[%clk
01:29:45]} {[%emt 00:00:07]} 4. e4 {[%clk 01:29:26]} {[%emt 00:00:32]} d6
{[%clk 01:30:08]} {[%emt 00:00:07]} 5. Nf3 {[%clk 01:29:41]} {[%emt 00:00:15]}
O-O {[%clk 01:30:07]} {[%emt 00:00:32]} 6. Be2 {[%clk 01:29:58]} {[%emt
00:00:13]} e5 {[%clk 01:30:15]} {[%emt 00:00:22]} 7. Be3 {[%clk 01:29:34]}
{[%emt 00:00:53]} Nc6 {[%clk 01:24:39]} {[%emt 00:06:06]} 8. d5 {[%clk
01:28:48]} {[%emt 00:01:16]} Ne7 {[%clk 01:24:40]} {[%emt 00:00:30]} 9. Nd2
{[%clk 01:28:58]} {[%emt 00:00:20]} Nd7 {[%clk 01:22:09]} {[%emt 00:03:01]} 10.
b4 {[%clk 01:25:25]} {[%emt 00:04:03]} f5 {[%clk 01:22:00]} {[%emt 00:00:39]}
11. f3 {[%clk 01:25:18]} {[%emt 00:00:37]} Nf6 {[%clk 00:59:54]} {[%emt
00:22:37]} 12. c5 {[%clk 01:08:49]} {[%emt 00:16:58]} h5 {[%clk 00:52:23]}
{[%emt 00:08:01]} 13. Nc4 {[%clk 00:54:55]} {[%emt 00:14:24]} fxe4 {[%clk
00:48:04]} {[%emt 00:04:49]} 14. fxe4 {[%clk 00:53:03]} {[%emt 00:02:21]} Ng4
{[%clk 00:48:14]} {[%emt 00:00:20]} 15. Bxg4 {[%clk 00:50:55]} {[%emt
00:02:39]} Bxg4 {[%clk 00:48:39]} {[%emt 00:00:05]} 16. Qd2 {[%clk 00:50:30]}
{[%emt 00:00:54]} Nc8 {[%clk 00:10:38]} {[%emt 00:38:32]} 17. a4 {[%clk
00:31:52]} {[%emt 00:19:08]} h4 {[%clk 00:08:49]} {[%emt 00:02:19]} 18. h3
{[%clk 00:27:25]} {[%emt 00:04:56]} Bh5 {[%clk 00:09:03]} {[%emt 00:00:17]} 19.
Rf1 {[%clk 00:24:58]} {[%emt 00:02:56]} dxc5 {[%clk 00:06:00]} {[%emt
00:03:35]} 20. bxc5 {[%clk 00:21:17]} {[%emt 00:04:11]} b6 {[%clk 00:06:05]}
{[%emt 00:00:26]} 21. Rxf8+ {[%clk 00:19:19]} {[%emt 00:02:27]} Bxf8 {[%clk
00:04:24]} {[%emt 00:02:12]} 22. d6 {[%clk 00:16:14]} {[%emt 00:03:34]} Nxd6
{[%clk 00:00:57]} {[%emt 00:03:57]} 23. cxd6 {[%clk 00:15:10]} {[%emt
00:01:34]} cxd6 {[%clk 00:01:26]} {[%emt 00:00:01]} 24. Bg5 {[%clk 00:13:59]}
{[%emt 00:01:41]} Qc7 {[%clk 00:00:41]} {[%emt 00:01:15]} 25. Qd5+ {[%clk
00:13:07]} {[%emt 00:01:22]} Kh7 {[%clk 00:01:11]} 26. Nb5 {[%clk 00:12:21]}
{[%emt 00:01:17]} Qc5 {[%clk 00:01:01]} {[%emt 00:00:39]} 27. Qxc5 {[%clk
00:09:32]} {[%emt 00:03:18]} dxc5 {[%clk 00:01:26]} {[%emt 00:00:06]} 28. Nc7
{[%clk 00:07:35]} {[%emt 00:02:27]} Rb8 {[%clk 00:01:09]} {[%emt 00:00:48]} 29.
Nd5 {[%clk 00:06:20]} {[%emt 00:01:44]} Bg7 {[%clk 00:00:59]} {[%emt 00:00:40]}
30. Ra2 {[%clk 00:05:52]} {[%emt 00:00:58]} b5 {[%clk 00:00:44]} {[%emt
00:00:46]} 31. axb5 {[%clk 00:05:45]} {[%emt 00:00:38]} Rxb5 {[%clk 00:01:12]}
{[%emt 00:00:01]} 32. Rxa7 {[%clk 00:03:52]} {[%emt 00:02:24]} Rb1+ {[%clk
00:01:41]} {[%emt 00:00:02]} 33. Kf2 {[%clk 00:03:51]} {[%emt 00:00:29]} Kg8
{[%clk 00:01:55]} {[%emt 00:00:15]} 34. Ra8+ {[%clk 00:02:54]} {[%emt
00:01:26]} Kf7 {[%clk 00:02:22]} {[%emt 00:00:04]} 35. Ra7+ {[%clk 00:03:04]}
{[%emt 00:00:20]} Kg8 {[%clk 00:02:49]} {[%emt 00:00:03]} 36. Nf6+ {[%clk
00:02:42]} {[%emt 00:00:53]} Bxf6 {[%clk 00:02:55]} {[%emt 00:00:24]} 37. Bxf6
{[%clk 00:02:54]} {[%emt 00:00:17]} Rc1 {[%clk 00:02:33]} {[%emt 00:00:52]} 38.
Nxe5 {[%clk 00:02:51]} {[%emt 00:00:33]} c4 {[%clk 00:02:45]} {[%emt 00:00:18]}
39. Ra8+ {[%clk 00:03:10]} {[%emt 00:00:11]} 1-0